Udelenie certifikátov a diplomov zváračským odborníkom v roku 2003 a predĺženie platnosti certifikátov vo VÚZ-PI SR

Bibliographic Details
Main Author: Hornigová, Viera (Author)
Format: Article
Language:Slovak
Subjects:

MARC

LEADER 00000nab a2200000 a 4500
001 vtls000874445
003 SK-MaSNL
005 20260304115651.0
008 250429c2003 xo 0 slo
015 |a SNBRB2004/06-16741 
035 |a CLN000225997 
035 |a urn:nbn:sk:snk-ab6p5z 
035 |a (uuid)512fb5cc-6fed-43e6-906e-93500a3f14ff 
035 |a (urnnbn)urn:nbn:sk:snk:ar-005q0q 
035 |a (sysno)vtls000874445 
040 |a SNKBUCL  |b slo  |c SNKBUCL  |e AACR2 
041 0 |a slo 
044 |a xo  |c SK 
080 |a 621.791-051:658.562  |2 1997 
080 |a 658.562  |2 1997 
100 1 |a Hornigová, Viera  |4 aut  |9 414600 
245 1 0 |a Udelenie certifikátov a diplomov zváračským odborníkom v roku 2003 a predĺženie platnosti certifikátov vo VÚZ-PI SR  |c Viera Hornigová 
650 0 7 |a certifikácia personálna  |2 snkbucl  |9 857738 
650 0 7 |a zváranie  |x certifikáty  |y 2003  |2 snkbucl  |9 1422589 
655 7 |a články z novín a časopisov  |2 snkbucl  |9 267496 
773 0 |t Zváranie  |g Roč. 52, č. 11-12 (2003), s. 259-260  |x 0044-5525 
850 |a Slovenská národná knižnica 
852 |a Slovenská národná knižnica 
954 |a odborná, vedecká literatúra pôvodná (slovenská)  |2 lita 
958 |a article 
958 |a OND 
958 |a NB 
958 |a EUIPO 
992 |a RBX 
999 |c 2876708  |d 2878638